<?xml version="1.0" encoding="UTF-8"?>
<record
    xmlns:xsi="http://www.w3.org/2001/XMLSchema-instance"
    xsi:schemaLocation="http://www.loc.gov/MARC21/slim http://www.loc.gov/standards/marcxml/schema/MARC21slim.xsd"
    xmlns="http://www.loc.gov/MARC21/slim">

  <leader>01453nam a22001817a 4500</leader>
  <controlfield tag="008">120607t        xxu||||| |||| 00| 0 eng d</controlfield>
  <datafield tag="020" ind1=" " ind2=" ">
    <subfield code="a">0585377804 9780585377803</subfield>
  </datafield>
  <datafield tag="050" ind1=" " ind2=" ">
    <subfield code="a">HF5635.M85</subfield>
  </datafield>
  <datafield tag="100" ind1=" " ind2=" ">
    <subfield code="a">Mott, Graham</subfield>
  </datafield>
  <datafield tag="245" ind1=" " ind2=" ">
    <subfield code="a">Accounting for non-accountants : a manual for managers and students. /</subfield>
    <subfield code="c">Graham, Mott</subfield>
  </datafield>
  <datafield tag="260" ind1=" " ind2=" ">
    <subfield code="a">London : </subfield>
    <subfield code="b"> Kogan Page,</subfield>
    <subfield code="c">1999.</subfield>
  </datafield>
  <datafield tag="300" ind1=" " ind2=" ">
    <subfield code="a">1 online resource (viii, 280 p.) :</subfield>
    <subfield code="b"> ill.:</subfield>
    <subfield code="c">23cm.</subfield>
  </datafield>
  <datafield tag="505" ind1=" " ind2=" ">
    <subfield code="a">Contents: The Annual accounts : Financial reporting -- Financial recording -- The Profit and loss account -- The Balance sheet -- Cash flow statement -- Accounting for different business organizations -- Accounting for inflation -- Value added -- Financial ratios -- Other performance measures -- Management accounting : Costing basics -- Costing and pricing -- Marginal costing -- Standard costing -- Budgetary control -- Financial management : The Cost of capital -- Capital investment appraisal -- Managing working capital -- Share values -- Mergers, takeovers and buy-outs -- Company taxation -- Overseas transactions -- Appendices : Financial reporting standards as September 1998 -- List of acronyms -- Glossary of terms -- Compound interest factors -- Present value factors of 1 per annum -- Answers of self - check questions -- Further questions</subfield>
  </datafield>
  <datafield tag="650" ind1=" " ind2=" ">
    <subfield code="a">Accounting. </subfield>
  </datafield>
  <datafield tag="650" ind1=" " ind2=" ">
    <subfield code="a">Corporations</subfield>
    <subfield code="x"> Great Britain. </subfield>
  </datafield>
  <datafield tag="650" ind1=" " ind2=" ">
    <subfield code="a">BUSINESS &amp; ECONOMICS</subfield>
    <subfield code="x"> Accounting --</subfield>
    <subfield code="x">Financial. </subfield>
  </datafield>
  <datafield tag="942" ind1=" " ind2=" ">
    <subfield code="2">lcc</subfield>
    <subfield code="c">BK</subfield>
  </datafield>
  <datafield tag="999" ind1=" " ind2=" ">
    <subfield code="c">1157</subfield>
    <subfield code="d">8657</subfield>
  </datafield>
  <datafield tag="952" ind1=" " ind2=" ">
    <subfield code="0">0</subfield>
    <subfield code="1">0</subfield>
    <subfield code="2">lcc</subfield>
    <subfield code="4">0</subfield>
    <subfield code="7">0</subfield>
    <subfield code="a">WIUC-1</subfield>
    <subfield code="b">WIUC-1</subfield>
    <subfield code="c">GEN</subfield>
    <subfield code="d">2012-06-07</subfield>
    <subfield code="l">0</subfield>
    <subfield code="o">HF5635.M85</subfield>
    <subfield code="p">2898/12</subfield>
    <subfield code="r">2012-06-07 00:00:00</subfield>
    <subfield code="t">1</subfield>
    <subfield code="w">2012-06-07</subfield>
    <subfield code="y">BK</subfield>
  </datafield>
  <datafield tag="952" ind1=" " ind2=" ">
    <subfield code="0">0</subfield>
    <subfield code="1">0</subfield>
    <subfield code="2">lcc</subfield>
    <subfield code="4">0</subfield>
    <subfield code="7">0</subfield>
    <subfield code="a">WIUC-1</subfield>
    <subfield code="b">WIUC-1</subfield>
    <subfield code="c">GEN</subfield>
    <subfield code="d">2012-06-07</subfield>
    <subfield code="l">0</subfield>
    <subfield code="o">HF5635.M851</subfield>
    <subfield code="p">2899/12</subfield>
    <subfield code="r">2012-06-07 00:00:00</subfield>
    <subfield code="t">2</subfield>
    <subfield code="w">2012-06-07</subfield>
    <subfield code="y">BK</subfield>
  </datafield>
  <datafield tag="952" ind1=" " ind2=" ">
    <subfield code="0">0</subfield>
    <subfield code="1">0</subfield>
    <subfield code="2">lcc</subfield>
    <subfield code="4">0</subfield>
    <subfield code="7">0</subfield>
    <subfield code="a">WIUC-1</subfield>
    <subfield code="b">WIUC-1</subfield>
    <subfield code="c">REF</subfield>
    <subfield code="d">2012-11-20</subfield>
    <subfield code="l">0</subfield>
    <subfield code="o">HF5635.M852</subfield>
    <subfield code="p">6797/12</subfield>
    <subfield code="r">2012-11-20 00:00:00</subfield>
    <subfield code="t">3</subfield>
    <subfield code="w">2012-11-20</subfield>
    <subfield code="y">BK</subfield>
  </datafield>
</record>
